Fr. Conceicao Rodrigues College of Engineering

Measuring the Software process (Record no. 29462)

MARC details
000 -LEADER
fixed length control field 00300nam a2200133Ia 4500
082 ## - DEWEY DECIMAL CLASSIFICATION NUMBER
Classification number 5.14
Item number GAR/HER
100 ## - MAIN ENTRY--PERSONAL NAME
Personal name Garmus/ David/ Herron/ D
245 ## - TITLE STATEMENT
Title Measuring the Software process
260 ## - PUBLICATION, DISTRIBUTION, ETC.
Name of publisher, distributor, etc. Yourdon Press
Date of publication, distribution, etc. 1996
546 ## - LANGUAGE NOTE
Language note ENGLISH
654 ## - SUBJECT ADDED ENTRY--FACETED TOPICAL TERMS
Focus term computer
942 ## - ADDED ENTRY ELEMENTS (KOHA)
Koha item type BOOK
Holdings
Withdrawn status Lost status Damaged status Not for loan Collection Home library Current library Date acquired Total Checkouts Full call number Barcode Date last seen Price effective from Koha item type
        CRC Fr. Agnel's C.Rodrigues College of Engineering Fr. Agnel's C.Rodrigues College of Engineering 17/03/2023   5.14 GAR/HER 11437 07/01/2026 17/03/2023 BOOK